Groups of Things 1-10 #4 - Statistics

General Stats
  • This quiz has been taken 660 times
  • The average score is 29 of 55
Answer Stats
Hint Answer % Correct
9 Longest Rivers Nile River
85%
7 Central American Countries Panama
85%
7 Central American Countries Costa Rica
80%
9 Longest Rivers Amazon River
79%
7 Central American Countries Honduras
79%
5 Mediterranean African Nations Egypt
78%
7 Central American Countries Nicaragua
78%
7 Central American Countries Belize
77%
7 Central American Countries El Salvador
77%
7 Central American Countries Guatemala
77%
8 Yellow Cake Ingredients Flour
75%
8 Yellow Cake Ingredients Sugar
75%
5 Mediterranean African Nations Morocco
74%
5 Mediterranean African Nations Algeria
73%
5 Mediterranean African Nations Libya
73%
8 Yellow Cake Ingredients Eggs
70%
5 Mediterranean African Nations Tunisia
70%
10 Provinces of Canada Quebec
69%
10 Provinces of Canada Ontario
66%
2 Mesopotamian Rivers Euphrates
65%
3 Types of Rocks Igneous
64%
8 Yellow Cake Ingredients Milk
64%
9 Longest Rivers Mississippi River
64%
2 Mesopotamian Rivers Tigris
62%
10 Provinces of Canada Newfoundland and Labrador
60%
10 Provinces of Canada Alberta
59%
3 Types of Rocks Sedimentary
59%
10 Provinces of Canada British Columbia
56%
9 Longest Rivers Yellow River
54%
10 Provinces of Canada Prince Edward Island
53%
8 Yellow Cake Ingredients Salt
53%
10 Provinces of Canada Nova Scotia
52%
8 Yellow Cake Ingredients Baking Powder
51%
8 Yellow Cake Ingredients Butter
51%
8 Yellow Cake Ingredients Vanilla
51%
3 Types of Rocks Metamorphic
49%
10 Provinces of Canada Manitoba
47%
10 Provinces of Canada Saskatchewan
47%
9 Longest Rivers Yangtze River
46%
6 Kingdoms of Life Animal
44%
10 Provinces of Canada New Brunswick
41%
6 Kingdoms of Life Plant
40%
4 Boston Airports Boston Logan
38%
9 Longest Rivers Congo River
33%
6 Kingdoms of Life Bacteria
30%
6 Kingdoms of Life Fungi
30%
1 Sea with No Coast Sargasso Sea
13%
6 Kingdoms of Life Protist
11%
6 Kingdoms of Life Archaea
7%
9 Longest Rivers Ob River
7%
9 Longest Rivers Parana River
5%
4 Boston Airports Manchester
3%
4 Boston Airports Worcester
3%
9 Longest Rivers Yenisei River
3%
4 Boston Airports T.F. Green
2%
No matching quizzes found
Score Distribution
Percent of People with Each Score
Percentile by Number Answered
Your Score History
You have not taken this quiz